| 000 | 00808nam a2200241 a 4500 | ||
|---|---|---|---|
| 005 | 20200104041523.0 | ||
| 008 | 140120b1998 ck ||||| |||| 00| 0 spa d | ||
| 040 | _cCO-BhIH | ||
| 041 | _aspa | ||
| 090 |
_aIAvH _b00051 |
||
| 100 |
_aAlvarez León, Ricardo _91884 |
||
| 110 |
_bInstituto de Investigación de Recursos Biológicos Alexander von Humboldt. Programa Biología de la Conservación _94215 |
||
| 245 | _aProyecto elaboración de la lista nacional de la ictiofauna amenazada | ||
| 260 |
_aBogotá _bInstituto Alexander von Humboldt _c1998 |
||
| 300 | _a50 p. | ||
| 650 |
_aPeces _928925 |
||
| 650 |
_aEspecies amenazadas _9157 |
||
| 650 |
_aEspecies endémicas _94216 |
||
| 650 |
_aBiodiversidad _992204 |
||
| 650 |
_aLegislación _928928 |
||
| 650 |
_aInventarios _992201 |
||
| 942 |
_cINFORME _2z |
||
| 999 |
_c1687 _d1687 |
||